| 000 | 00546nam a2200181 a 4500 | ||
|---|---|---|---|
| 005 | 20140310183436.0 | ||
| 008 | 080620s19uu xx 00 eng d | ||
| 020 | _a8189526774 | ||
| 050 |
_aDS 339 _b.V522 2005 |
||
| 100 | _aVerma, Ram Mohan | ||
| 245 |
_aStrategic cultures of South Asia. / _cRam Mohan Verma |
||
| 260 |
_aIndia : _bVista International Publishing House, _c2005. |
||
| 300 |
_a307 p. : _c23 cm. |
||
| 650 | _aGeneral Education books. | ||
| 650 |
_aSouth Asia _xJuvenile Literature. |
||
| 942 |
_cBK _2lcc _kFOR |
||
| 999 |
_c22876 _d22876 |
||